Truyện Nôm bình dân
Nội dung quyển 2 là bộ sưu tập các câu chuyện phổ biến trong cuộc sống hằng ngày của người lao động Việt Nam xưa.
Na minha lista:
| Autor principal: | |
|---|---|
| Formato: | Livro |
| Idioma: | Undetermined |
| Publicado em: |
Hà Nội
Khoa học - Xã hội
2014
|
| Assuntos: | |
| Tags: |
Adicionar Tag
Sem tags, seja o primeiro a adicionar uma tag!
|
| Thư viện lưu trữ: | Trung tâm Học liệu Trường Đại học Cần Thơ |
|---|
| LEADER | 00871nam a2200193Ia 4500 | ||
|---|---|---|---|
| 001 | CTU_209862 | ||
| 008 | 210402s9999 xx 000 0 und d | ||
| 082 | |a 398.209597 | ||
| 082 | |b H403/Q.2 | ||
| 100 | |a Kiều, Thu Hoạch | ||
| 245 | 0 | |a Truyện Nôm bình dân | |
| 245 | 0 | |c Kiều Thu Hoạch (Chủ biên), Hoàng Hồng Cẩm, Nguyễn Thị Lâm, Trần Kim Anh (Biên soạn) | |
| 260 | |a Hà Nội | ||
| 260 | |b Khoa học - Xã hội | ||
| 260 | |c 2014 | ||
| 520 | |a Nội dung quyển 2 là bộ sưu tập các câu chuyện phổ biến trong cuộc sống hằng ngày của người lao động Việt Nam xưa. | ||
| 650 | |a Văn học dân gian Việt Nam,Folk literature, Vietnamese | ||
| 904 | |i Trương Thủy Ly,Hải | ||
| 980 | |a Trung tâm Học liệu Trường Đại học Cần Thơ | ||